|
|
|
|
| LEADER |
01322cam a2200325 a 4500 |
| 001 |
AAL1007 |
| 003 |
BD-DhAAL |
| 005 |
20160426123606.0 |
| 008 |
961114s1996 ii b 000 0 eng |
| 010 |
|
|
|a 96902126
|
| 020 |
|
|
|a 0195639812
|
| 025 |
|
|
|a I-E-96-902126; 85-92
|
| 040 |
|
|
|a DLC
|c DLC
|d DLC
|d BD-DhAAL
|
| 050 |
0 |
0 |
|a HD2072
|b .M39 1996
|
| 082 |
|
|
|a 338.10934
|
| 245 |
0 |
0 |
|a Meanings of agriculture :
|b essays in South Asian history and economics /
|c edited by Peter Robb.
|
| 260 |
|
|
|a Delhi :
|b Oxford University Press,
|c 1996.
|
| 300 |
|
|
|a x, 389 p. ;
|c 23 cm.
|
| 490 |
1 |
|
|a SOAS studies on South Asia : Understandings and perspectives series
|
| 504 |
|
|
|a Includes bibliographical references (p. 386-389).
|
| 541 |
|
|
|e 1007
|
| 650 |
|
0 |
|a Agriculture
|x Economic aspects
|z India
|x History.
|9 19286
|
| 650 |
|
0 |
|a Agriculture
|z India
|x History.
|9 19287
|
| 650 |
|
0 |
|a Agriculture and state
|z India
|x History.
|9 19288
|
| 700 |
1 |
|
|a Robb, Peter
|q (Peter G.)
|9 19289
|
| 830 |
|
0 |
|a SOAS studies on South Asia.
|9 19290
|
| 852 |
|
|
|a Savar Campus Library
|c General Shelf
|
| 942 |
|
|
|2 ddc
|c BK
|
| 999 |
|
|
|c 37490
|d 37490
|
| 952 |
|
|
|0 0
|1 0
|2 ddc
|4 0
|6 338_109340000000000
|7 0
|9 58861
|a SCL
|b SCL
|c GEN
|d 2016-04-26
|g 584.00
|l 0
|o 338.10934
|p 3020001007
|r 2016-04-26
|t 1
|w 2016-04-26
|y BK
|x 'The mentioned price is BDT conversion, actual price was RS495'
|